[Event "Liechtenstein op 13th"]
[Site "Liechtenstein"]
[Date "1995.??.??"]
[Round "4"]
[White "Dutreeuw, Marc"]
[Black "Donev, Ivo Hristov"]
[Result "1/2-1/2"]
[WhiteElo "2380"]
[BlackElo "2385"]
[Annotator "Donev,I"]
[PlyCount "82"]
[EventDate "1995.05.??"]
[EventType "swiss"]
[EventRounds "9"]
[EventCountry "LIE"]
[SourceTitle "CBM 047"]
[Source "ChessBase"]
[SourceDate "1995.08.01"]
[SourceVersion "1"]
[SourceVersionDate "1995.08.01"]
[SourceQuality "1"]

1. e4 e5 2. Nf3 Nc6 3. Bb5 a6 4. Ba4 Nf6 5. O-O b5 6. Bb3 Bb7 7. Re1 Bc5 8. c3
d6 9. d4 Bb6 10. Bg5 h6 11. Bh4 Qe7 12. a4 g5 13. axb5 axb5 (13... gxh4 14.
bxc6 Bxc6 15. Ba4 $1 (15. Nxh4 Bxe4 $16 (15... Nxe4 16. Ba4 $18)) 15... Bxa4
16. Qxa4+ Nd7 17. dxe5 (17. Qc6 O-O 18. Nxh4 Qxh4 19. Qxd7 exd4 20. g3 Qf6 $10)
17... dxe5 18. Rd1 $16) 14. Rxa8+ Bxa8 15. Bg3 h5 16. h3 (16. h4 g4 17. Ng5 Nd8
18. f3 (18. f4 exf4 19. Bxf4 Nd7 20. Na3 f6 $15) 18... Ne6 19. Nxe6 fxe6 20.
Kh2 gxf3 21. gxf3 Rg8 22. Na3 exd4 23. cxd4 Qg7 24. Rg1 Bxd4 $17) 16... h4 17.
Bh2 g4 18. hxg4 Nxg4 19. Bd5 h3 (19... Qf6 $5 20. Qd3 Kf8 (20... h3 21. Bg3 Qh6
22. Qxb5 hxg2 23. Bxc6+ Kf8 24. Nh4 $18) (20... Ke7 $5) 21. Na3 (21. Nbd2 exd4
22. cxd4 Nxd4 $1 23. Bxa8 Nxf3+ $19) (21. Na3 exd4 22. Bxc6 dxc3 23. Bxa8 Nxf2
24. Bxd6+ $1 (24. Qe2 $2 Nxe4+ 25. Kh1 (25. Kf1 Nd2+ $19) 25... Ng3+ 26. Bxg3
hxg3+) 24... Qxd6 25. Qxd6+ cxd6 26. bxc3 $14) 21... exd4 22. Bxc6 dxc3 23.
Bxa8 Bxf2+ 24. Kf1 Bxe1 25. Kxe1 h3 26. Qxc3 Qxc3+ 27. bxc3 Nxh2 28. Nxh2 hxg2
29. Nf3 b4 $1 $10) 20. Bg3 $1 Qf6 21. gxh3 Rxh3 22. Kg2 Rh7 23. Na3 Qh6 24. Rh1
(24. Nh4 Qg5 (24... Nf6 $5) 25. Nf5 Rh2+ 26. Kg1 Rxf2) 24... Qxh1+ 25. Qxh1
Rxh1 26. Kxh1 exd4 27. Nxd4 (27. cxd4 Nxd4 (27... Nf6 28. Bxc6+ Bxc6 29. d5 Bd7
30. Nd2 Bd4 $15) 28. Bxa8 Nxf3 29. Nxb5 Kd7 $15) 27... b4 (27... Kd7 $5 28.
Bxc6+ Bxc6 29. f3 Ne5 (29... Ne3) 30. Bxe5 dxe5 31. Ndxb5 f5 $1 $10) (27...
Nxd4 28. Bxa8 b4 29. cxb4 $14) 28. Nxc6 (28. Bxc6+ Bxc6 29. Nxc6 bxa3 30. bxa3
Nxf2+ 31. Bxf2 Bxf2 32. Kg2 Bc5 33. a4 Kd7 $10) 28... bxa3 29. bxa3 Nxf2+ (
29... Bxf2 30. Kg2 Bxg3 31. Kxg3 Ne3 $10 (31... Ne5 32. Nxe5 Bxd5 33. exd5 dxe5
34. c4 f5 35. c5 $18)) 30. Bxf2 Bxf2 31. Nb8 (31. Nb4 Bxd5 32. exd5 Be1 33. c4
(33. Na2 $142 $15) 33... Bxb4 34. axb4 Ke7 35. b5 (35. c5 dxc5 36. bxc5 Kf6 37.
Kg2 Ke5 38. d6 cxd6 39. cxd6 Kxd6 40. Kf3 Ke5 $19) 35... Kf6 36. c5 dxc5 37. d6
Ke6 38. dxc7 Kd7 39. b6 c4 $19) (31. Nd4 Bxd5 32. exd5 Bxd4 33. cxd4 Kd7 34.
Kg2 Kc8 35. Kf3 Kb7 36. Kf4 Ka6 37. Kf5 Kb5 38. Kf6 Kc4 $1 39. Kxf7 Kxd5 40.
Ke7 Kxd4 41. Kd7 Kc5 42. Kxc7 d5 $19) 31... Ba7 32. Bxa8 (32. Na6 c6 33. Nc7+
Kd7 34. Nxa8 cxd5 35. exd5 Kc8 36. Kg2 Kb7 37. Kf3 Kxa8 38. Ke4 Bc5 $19) 32...
Bxb8 33. Kg2 Kd7 34. Kf3 c6 35. Kg4 Bc7 36. Kf5 Ba5 37. c4 Bc3 38. Kf4 Kc7 39.
Ke3 Kb6 40. Kd3 Be1 41. Kd4 Bf2+ 1/2-1/2

[Event "Altensteig"]
[Site "Altensteig"]
[Date "1995.??.??"]
[Round "6"]
[White "Vogt, Lothar"]
[Black "Gabriel, Christian"]
[Result "1/2-1/2"]
[WhiteElo "2475"]
[BlackElo "2475"]
[Annotator "Donev,I"]
[PlyCount "64"]
[EventDate "1995.08.??"]
[EventType "tourn"]
[EventRounds "11"]
[EventCountry "GER"]
[EventCategory "12"]
[SourceTitle "CBM 049"]
[Source "ChessBase"]
[SourceDate "1995.12.01"]
[SourceVersion "1"]
[SourceVersionDate "1995.12.01"]
[SourceQuality "1"]

1. e4 {Konikowski} e5 2. Nf3 Nc6 3. Bb5 a6 4. Ba4 Nf6 5. O-O b5 6. Bb3 Bb7 7.
d3 Bc5 8. Nc3 O-O 9. Be3 {Eine wichtige Frage in solche Stellungen: Für wen
ist der Tausch der schwarzfarbigen Läufer günstig? Es ist klar, daß Schwarz
den Läufertausch nicht ablehnen kann, weil nach 9...Be7 der Nachziehende t ein
Thempo verloren hätte.} (9. Bg5 {Konikowski} h6 10. Bxf6 (10. Bh4 $5) 10...
Qxf6 11. Nd5 Qd8 12. c3 d6 13. d4 $14) (9. a4 {Konikowski} Nd4 (9... b4 10. Nd5
Na5 (10... h6 $14) 11. Nxe5 (11. Bg5 Bxd5 (11... Nxb3 12. Bxf6 gxf6 13. cxb3 {
/\Nh4+/-}) 12. Bxd5 c6 13. Ba2 $14 {Mokry}) 11... Nxb3 12. Nxf6+ Qxf6 (12...
gxf6 $4 13. Qg4+ Kh8 14. Bh6 Rg8 15. Nxf7#) 13. Ng4 Qg6 14. cxb3 f5 $13) 10.
Nxe5 Nxb3 11. cxb3 d5 (11... b4 $142 12. Ne2 d5 {Mokry}) 12. Bg5 Be7 13. axb5
axb5 14. Rxa8 Bxa8 15. Nxb5 Nxe4 $2 (15... dxe4 $142 16. dxe4 Bxe4 $14 {Mokry})
16. Bxe7 Qxe7 17. Nf3 Nf6 18. Qc1 $16 {Mokry,K-Braga,F/Reggio Emilia/1991/})
9... d6 $1 {Keine Angst vor dem Doppelbauern!} (9... Bxe3 $6 10. fxe3 $14 {
Bewerten wir die Stellung: Der Doppelbauer e3 kontroliert wichtige
Zentralfelder d4 und e4.Die halboffene f-Linie ist geofnet.Der weiße Springer
bekommt wunderbare Forpost f5 und die weiße Dame hat gute aussichten am
Königsflügel durch Qe1-Qg3(oder Qh4)}) 10. Bxc5 dxc5 {Jetz spielt der schwarze
Doppellbauer c5 spielt eine wichtige Rolle: er kontroliert den Vorposten d4,
der dem Nc6 sich anbietet. Im günstigsten Moment droht c5-c4, und nach dem
Tausch d3-c4 folgt b4! nebst Gewinn des e4-Bauern.} 11. a4 $1 {Weiß versucht
die schwarze Bauernstruktur am Damenflügel zu schwächen.} b4 (11... Nd4 12.
Nxe5 (12. axb5 Nxb3 13. cxb3 Re8 $44) 12... Nxb3 13. cxb3 Re8 $14) 12. Nb1 {
[%csl Rc4][%cal Gb1d2,Gd2c4] Der Springer geht in Richtung des geschwächten
Feldes c4!} (12. Nd5 $5) (12. Nd5 {Konikowski} Na5 13. Nxf6+ Qxf6 14. Ba2 Rad8
15. Qe2 Nc6 $13) 12... Nd7 (12... Qe7 $5) 13. Nbd2 Na5 {Deckt das
Schlüsselfeld c4.} 14. Ba2 Qe7 15. Qe1 Kh8 16. Qe3 Bc6 (16... Nb6) 17. Nc4 {
[%csl Rc4]} Nxc4 18. Bxc4 Nb6 19. Bb3 a5 {[%csl Gb3,Gb5,Gd5,Rc4] Die
weißfarbige Felder b3,d5 und vorläufig d5,b5 sind schwach, weil sie nicht von
den schwarzen Bauern geschützt werden.} (19... c4 $5 20. dxc4 Nd7 $44 {/\Nc5})
20. Nd2 Rae8 21. Nc4 (21. f4 $5 {Konikowski}) 21... Nxc4 {[%csl Rc4] Es ist
bemerkenswert, daß in dieser Partie alle 4 Springer auf dem Schlüsselfeld c4
getauscht werden.} 22. Bxc4 Qd6 23. b3 (23. f4 exf4 24. Qxf4 Qd4+ 25. Qf2 f6
$10) 23... f5 24. exf5 Rxf5 25. Bb5 (25. f3 $14) 25... e4 26. Qh3 Rfe5 27. dxe4
Bxb5 28. axb5 Rxe4 29. Rxa5 Qb6 30. Raa1 Qxb5 31. Qg3 Qe2 32. Rac1 R4e5 {
Eine lehrreiche Partie zum Thema Kampf um die schwache weißfarbigen Felder am
Damenflügel.} 1/2-1/2

[Event "Karditsa"]
[Site "Karditsa"]
[Date "1996.??.??"]
[Round "5"]
[White "Kotronias, Vasilios"]
[Black "Nikolaidis, Ioannis"]
[Result "1/2-1/2"]
[WhiteElo "2610"]
[BlackElo "2530"]
[Annotator "Endgame-CD"]
[PlyCount "143"]
[EventDate "1996.03.??"]
[EventType "tourn"]
[EventRounds "9"]
[EventCountry "GRE"]
[EventCategory "12"]
[SourceTitle "CBM 053"]
[Source "ChessBase"]
[SourceDate "1996.08.01"]
[SourceVersion "1"]
[SourceVersionDate "1996.08.01"]
[SourceQuality "1"]

1. e4 e5 2. Nf3 Nc6 3. Bb5 a6 4. Ba4 Nf6 5. O-O b5 6. Bb3 Bc5 7. d3 d6 8. a4
Rb8 9. c3 O-O 10. axb5 axb5 11. Bg5 h6 12. Bh4 g5 13. Bg3 Bg4 14. h3 Bh5 15.
Nbd2 Bg6 16. Bh2 Nh5 17. g4 Ng7 18. Bd5 Ne7 19. Ba2 Ne6 20. h4 Qd7 21. Kh1 Kg7
22. Qe2 f6 23. d4 Bb6 24. Bb3 Ra8 25. Rad1 exd4 26. cxd4 Nxd4 27. Nxd4 Bxd4 28.
Nf3 Bxb2 29. hxg5 Qxg4 30. gxh6+ Kh7 31. Bc2 Ra3 32. Rd3 Rxd3 33. Qxd3 d5 34.
Nd2 dxe4 35. Qxb5 Be5 36. f4 exf3 37. Bxg6+ Nxg6 38. Nxf3 Bxh2 39. Nxh2 Qe4+
40. Nf3 Rf7 41. Qb3 Rd7 42. Re1 Qf5 43. Nh2 Ne5 44. Qg3 c5 45. Qg2 Qg6 46. Qh3
Rd3 47. Qc8 Rd2 48. Qb7+ Kxh6 49. Rg1 Qf7 50. Qxf7 Nxf7 51. Ng4+ Kg7 52. Rf1
Rd6 53. Rf5 c4 54. Rc5 Rd4 55. Ne3 Nd6 56. Kg2 Kg6 57. Rc6 Kg5 58. Kf3 f5 59.
Rc5 Kf6 60. Nd5+ Ke6 61. Nf4+ Kd7 62. Nd5 Rh4 63. Rc7+ Kd8 64. Rc5 Ne4 65. Ra5
Kd7 66. Ne3 Ng5+ 67. Kg2 Ke6 68. Rxf5 Re4 69. Rxg5 Rxe3 70. Rc5 $10 Rc3 71. Kf2
Kd6 72. Rh5 (72. Rh5 Rd3 73. Ke2 Rd5 74. Rxd5+ Kxd5 75. Kd2 $10) 1/2-1/2

[Event "American Continental 3rd"]
[Site "Buenos Aires"]
[Date "2005.08.11"]
[Round "6"]
[White "Dominguez Perez, Leinier"]
[Black "Rodriguez Vila, Andres"]
[Result "1/2-1/2"]
[WhiteElo "2639"]
[BlackElo "2523"]
[Annotator "Erenburg,S"]
[PlyCount "78"]
[EventDate "2005.08.06"]
[EventType "swiss"]
[EventRounds "11"]
[EventCountry "ARG"]
[SourceTitle "CBM 109"]
[Source "ChessBase"]
[SourceDate "2005.11.14"]
[SourceVersion "1"]
[SourceVersionDate "2005.11.14"]
[SourceQuality "1"]

{[%mdl 4]} 1. e4 e5 2. Nf3 Nc6 3. Bb5 a6 4. Ba4 Nf6 5. O-O b5 6. Bb3 Bc5 {
The Arkhangelsk line was once connected mainly with} (6... Bb7) 7. a4 Rb8 8. c3
d6 9. d4 Bb6 10. Na3 O-O 11. axb5 axb5 12. Nxb5 Bg4 {Black has strong pressure
against White's centre and the exposed minor pieces on the b-file give him
various tactical chances. Another theoretical possibility is} (12... exd4 13.
cxd4 Bg4 14. Ba4 Bxf3 15. gxf3 d5 16. e5 Nh5 17. Kh1 f6 18. f4 g6 19. Rg1 Ng7
20. Be3 Ne7 21. Nc3 Ba5 22. Bc2 c6 23. Ra2 Kh8 24. Ne2 $16 {1-0 Leko,P-Topalov,
V/Monte Carlo MNC 2005/The Week in Chess 542 (61)}) 13. Bc2 {The possibilities
are many and quite bewildering. The play evolves around Black's quest for
compensation for the pawn. White is often forced to give the pawn back, but
then he can usually get a slight advantage. White has the following
alternatives:} (13. Re1 {1-0 Svidler,P-Shirov,A/Linares 1998/CBM 64/[Svidler] 
(37)}) (13. Be3 {1-0 Anand,V-Shirov,A/Groningen 1997/CBM 63/[Anand] (42)}) (13.
d5 $5 {1-0 McShane,L-Mueller,M/Germany 2003/CBM 094/[Wedberg] (55)}) 13... d5 {
Black chooses the most principled attempt to equalize the game. After opening
up the game, the activity of black's pieces can compensate white's extra pawn.
Other options are:} (13... exd4 14. Nbxd4 $5 Nxd4 15. cxd4 Bxf3 16. gxf3 Nh5
17. Kh1 Qf6 18. Be3 Nf4 19. Ra4 $1 {[%csl Gd4]} Ra8 20. Rb4 Ne6 $6 21. Rg1 Rfb8
22. f4 $1 $16 {1-0 Adams,M-Leko,P/Miskolc 2005/CBM 108_01/[Finkel,A] (33)}) (
13... h6 14. d5 $146 Ne7 $14 {1-0 Leko,P-Morozevich,A/Cannes 2002/CBM 088/
[Kostakiev,D] (46)}) 14. h3 $5 $146 {White allows blac to win the sacrificed
pawn back, but white will have an advantage of pair of bishops. In the
previous games white tried:} (14. exd5 Qxd5 15. dxe5 Qxb5 16. Ba4 $1 (16. exf6
Rbd8 17. Ba4 Qh5 18. Qe2 Rfe8 19. Qb5 (19. Be3 $4 Ne5 20. Bxe8 Bxf3 $19) 19...
Ne5 20. Nxe5 Rxe5 21. Qb4 Bc5 22. Qf4 Bd6 23. h3 Bxh3 24. Qg3 Bg4 25. Bf4 Rg5
$132) 16... Bxf3 17. Qxf3 $1 (17. Bxb5 Bxd1 18. Bxc6 Ng4 19. Rxd1 Nxf2 $10) (
17. gxf3 Qxe5 18. Bxc6 Qe6 19. Qa4 Rbd8 $44) 17... Nxe5 18. Bxb5 Nxf3+ 19. gxf3
Bxf2+ 20. Rxf2 (20. Kxf2 Rxb5 $14) 20... Rxb5 21. Bf4 $14 {Sulskis,S-Ganguly,S/
Bled 2002}) (14. Bg5 exd4 15. cxd4 Bxf3 16. Qxf3 Bxd4 $10 {1/2-1/2 Topalov,
V-Shirov,A/Wijk aan Zee 1996/CBM 051/[Shirov] (53)}) 14... Bxf3 15. Qxf3 exd4
16. exd5 ({Probably,} 16. Bg5 $5 {, doesn't promise white anything special:}
dxc3 17. bxc3 dxe4 18. Bxe4 Ne5 19. Qf5 Qd7 20. Bxf6 (20. Qxe5 Nxe4 $11 {
[%cal Yd7b5]}) 20... Qxf5 21. Bxf5 gxf6 22. Nd4 Rfd8 23. Rfd1 Rd6 $11) 16...
Qxd5 17. Qxd5 Nxd5 18. Be4 (18. Rd1 Rfd8 19. Be4 Nde7 20. Bf4 $14) 18... Nde7
19. Bf4 {attacking black's c7 pawn.} dxc3 (19... f5 20. Bf3 d3 21. Rfd1 Bxf2+
22. Kxf2 Rxb5 23. Rxd3 Rxb2+ 24. Kg3 $16) 20. bxc3 Rfc8 {threatening with the
capture on f2.} (20... Bxf2+ {leads to unpleasant endgame for black:} 21. Rxf2
Rxb5 22. Bxc7 $16) 21. c4 {protecting the b5 knight.} (21. Rfd1 Bxf2+ 22. Kxf2
Rxb5 23. Rd7 g5 $1 24. Rxc7 (24. Bxc7 Rb7 $17) 24... gxf4 25. Rxc8+ Nxc8 26.
Bxc6 Rc5 $11) 21... Ng6 {The pawn sacrifice is the only way to activate his
pieces.} 22. Bg3 {White has the following options, that promise white good
prospects:} (22. Bxc7 Bxc7 23. Bxc6 Be5 24. Ra6 Ne7 $14) (22. Bh2 $5 Nce7 23.
Bxg6 hxg6 24. Rfd1 $36 {The difference between this position and the position
in the game is that now black cannot attack white's dark-squared bishop by Nf5.
}) 22... Nce7 {Now black has an active plan of defence- pushing forward the
"f" pawn, that will limit the possibilities of the bishops.} 23. Bxg6 (23. Rfd1
{is met by} f5 {[%cal Yf5f4]}) 23... hxg6 24. Rfd1 {threatening to invade into
the 7-th rank.} Nf5 25. Bf4 Re8 $1 {Black activates the rook, sacrificing the
pawn.} 26. Bxc7 (26. Nxc7 {doesn't promise anything:} Re2 (26... Bxc7 27. Bxc7
Rbc8 28. Rd7 Re7 29. Rxe7 Nxe7 30. Ra7 Nc6 31. Rb7 $16) 27. Rab1 Bxf2+ 28. Kf1
Rxb1 29. Kxe2 (29. Rxb1 Rc2 $11) 29... Rxd1 30. Kxd1 Ne3+ $11) (26. g4 Nh4 27.
Bxc7 Bxc7 28. Nxc7 Rec8 29. Ra7 Nf3+ 30. Kf1 Ne5 {[%cal Ye5c4,Ye5c6]} 31. Nd5
Rxc4 32. f4 Nc6 33. Rc7 Rd4 $11) 26... Bxc7 27. Nxc7 Rec8 28. Ra7 (28. Na6 Ra8
29. Ra4 Rc6 30. Rda1 Nd4 {and black will probably get the draw.}) 28... Rb4 29.
c5 Rc4 30. Rd5 (30. Na6 Nd4 $1 {[%cal Yd4e6,Gc4a4]}) 30... Ne7 31. Rd7 ({
Probably, the best chance was} 31. Rg5 Nc6 (31... f6 32. Nd5 Rc1+ 33. Kh2 Nc6
34. Nxf6+ gxf6 35. Rxg6+ Kh8 36. Ra4 Rc7 37. Rh4+ Rh7 38. Rxh7+ Kxh7 39. Rxf6
Rxc5 $14) 32. Ra8 Rxa8 33. Nxa8 Nd4 34. Nc7 $14) 31... Nc6 32. Rb7 (32. Nd5
Rxc5 (32... Nxa7 33. Ne7+ Kf8 34. Nxc8 Nxc8 35. Rd8+ Ke7 36. Rxc8 Kd7 37. Rg8
Rxc5 38. Rxg7 $14) 33. Rab7 (33. Ne7+ Nxe7 34. Rxe7 Rf5 $11) 33... Ne5 {
-the game.}) 32... Rxc5 {Black has succeeded to win back the pawn, that
promise him a draw.} 33. Nd5 Ne5 34. Ne7+ Kf8 35. Nxc8 Nxd7 36. Nd6 Ke7 37.
Nxf7 g5 $1 {preventing white's f2-f4 or h2-h4.} 38. h4 (38. Kf1 Rd5 39. Nh8 Kf6
40. Ke2 g6 $15 {[%cal Gf6g7]}) 38... gxh4 39. f4 Kxf7 1/2-1/2

[Event "Budapest Honved"]
[Site "Budapest"]
[Date "1991.??.??"]
[Round "?"]
[White "Almasi, Zoltan"]
[Black "Stern, Rene"]
[Result "1/2-1/2"]
[WhiteElo "2400"]
[BlackElo "2360"]
[Annotator "Ernst,T"]
[PlyCount "86"]
[EventDate "1991.??.??"]
[EventType "tourn"]
[EventRounds "11"]
[EventCountry "HUN"]
[EventCategory "9"]
[SourceTitle "CBM 027"]
[Source "ChessBase"]
[SourceDate "1992.04.01"]
[SourceVersion "1"]
[SourceVersionDate "1992.04.01"]
[SourceQuality "1"]

1. e4 {Schussler} e5 2. Nf3 Nc6 3. Bb5 a6 4. Ba4 Nf6 5. O-O b5 6. Bb3 Bb7 7. c3
Nxe4 (7... Be7 {Schussler} 8. d4 d6 9. Qe2 O-O 10. Rd1 Qe8 11. Nbd2 Bd8 $1 12.
Re1 Na5 13. Bc2 c5 14. Nf1 Nc6 $14 {Tal,M-Malanjuk,V (CBM 27 game 833).}) 8. d4
Na5 9. Bc2 (9. Nxe5 $5 {Schussler} Nxb3 10. Qxb3 Qf6 11. f3 Nc5 12. Ng4 $5 $14
{Wolff,P-Tal,M, USA 1991.}) 9... exd4 10. Bxe4 (10. Nxd4 {Schussler} c5 11. Nf5
Qf6 12. Qf3 Ng5 $1 $15 {Renet,O-Sjirov,A (m4) 1991.}) (10. Re1 {Schussler} d5
11. Nxd4 c5 12. Nf5 Qd7 13. Ne3 O-O-O 14. f3 d4 15. cxd4 cxd4 {Zapata-Milos,
Recife 1991.} 16. Bxe4 Bxe4 17. fxe4 dxe3 18. Qc2+ Qc6 $15 {(Milos)}) 10...
Bxe4 11. Re1 d5 12. b4 Nc4 13. Nxd4 c5 $1 {Ein für die Theorie dieser Variante
sehr wichtiger Zug, der zum ersten Mal in der Partie Ilincic - R.Mainka,
Oberwart 1990 gespielt wurde.} 14. bxc5 Bxc5 15. f3 O-O 16. fxe4 dxe4 17. Kh1 (
17. Rxe4 Qd5 $44) 17... Re8 (17... b4 18. Nd2 Bxd4 19. cxd4 Qxd4 20. Rb1 $1 Ne3
(20... Rad8 {Schussler} 21. Rxb4 e3 22. Rxc4 Qd3 23. Rc2 $18) (20... Nxd2 21.
Qxd2 Qxd2 22. Bxd2 $16) 21. Qe2 Nc2 22. Qxe4 Qc3 23. Rb3 Qc5 24. Rg1 Rfe8 25.
Qc4 $16 {Zadrima in Informator 51.}) 18. a3 (18. Be3 Nxe3 19. Rxe3 b4 20. Nd2
bxc3 21. N2b3 c2 22. Qd2 Bb6 $14 {Nunn - Beljavskij, Amsterdam 1990.}) 18... e3
19. Ra2 Re4 20. Qf3 Qe7 21. Nf5 Qe8 22. Rae2 Rd8 $1 {Die weisse Mehrfigur wird
durch den schwarzen Entwicklungsvorsprung und den Riesenfreibauern e3
kompensiert.} 23. h3 (23. Nxe3 {Schussler} Rd3) 23... Rd3 24. Ng3 Re5 25. Nh5
f6 26. Nf4 Rd6 27. Rf1 g5 28. Nh5 f5 29. Rfe1 Rh6 30. Ng3 f4 31. Nf1 $17 Nd6
32. Bxe3 fxe3 33. Nxe3 Rhe6 34. Ng4 Rxe2 35. Rxe2 Kg7 36. Re5 Qg6 37. Rxc5
Qxb1+ 38. Kh2 Qc1 39. Rc7+ Kg6 40. Rc6 Qf4+ 41. Qxf4 gxf4 42. Rxa6 Kf5 43. a4
bxa4 1/2-1/2

[Event "Santa Clara"]
[Site "Santa Clara"]
[Date "1991.??.??"]
[Round "5"]
[White "Ulybin, Mikhail"]
[Black "Arencibia Rodriguez, Walter"]
[Result "1-0"]
[WhiteElo "2565"]
[BlackElo "2560"]
[Annotator "Ernst,T"]
[PlyCount "97"]
[EventDate "1991.02.??"]
[EventType "tourn"]
[EventRounds "13"]
[EventCountry "CUB"]
[EventCategory "9"]
[SourceTitle "CBM 026"]
[Source "ChessBase"]
[SourceDate "1992.02.01"]
[SourceVersion "1"]
[SourceVersionDate "1992.02.01"]
[SourceQuality "1"]

1. e4 {Schussler} e5 2. Nf3 Nc6 3. Bb5 a6 4. Ba4 Nf6 5. O-O b5 6. Bb3 Bb7 7. c3
Nxe4 8. d4 Na5 9. Bc2 exd4 10. b4 Nc4 11. Bxe4 Bxe4 12. Re1 d5 13. Nxd4 c5 $3
14. bxc5 Bxc5 15. f3 O-O 16. fxe4 dxe4 17. Rxe4 Qd5 $1 {Eine sehr populäre
Variante. Schwarz hat durch seinen Entwicklungsvorsprung genügend Kompensation
für die Figur.} 18. Rh4 Rad8 19. Nd2 (19. Qd3 {Schussler} f5 20. Bg5 Rd6 21.
Nd2 Ne5 22. Qf1 Ng6 23. Rh3 f4 24. N2f3 b4 25. Kh1 bxc3 26. Nc2 {
Ulibin-Hauchard, World junior, 1990.} Rf5 $1 27. Bh4 Qe4 28. Rc1 Rd2 $1 $17)
19... Ne3 20. Qf3 Nf5 21. Qxd5 Rxd5 22. Rh5 Re8 $6 (22... g6 $44) 23. Ba3 $1
Bxa3 24. Rxf5 Rxf5 25. Nxf5 Bb2 26. Rd1 g6 $6 (26... Bxc3 $16) 27. Ne4 Rf8 28.
Nf6+ Kh8 29. Nd6 Bxc3 30. Nd7 Ra8 31. Nxf7+ Kg8 32. Ng5 $18 a5 33. Nb6 Ra7 34.
Ne4 Bb2 35. Rd2 Ba1 36. Rd5 Re7 37. Nd2 Bc3 38. Kf1 Re6 39. Nd7 a4 40. Nf3 a3
41. Rxb5 Rd6 42. Rc5 Bb2 43. Rc8+ Kg7 44. Rc7 Rd1+ 45. Ke2 Ra1 46. Nc5+ Kf6 47.
Nb3 Rb1 48. Nfd2 Rg1 49. Kf2 1-0

[Event "Interzonal-14a"]
[Site "Subotica"]
[Date "1987.??.??"]
[Round "15"]
[White "Popovic, Petar"]
[Black "Tal, Mihail"]
[Result "1/2-1/2"]
[WhiteElo "2540"]
[BlackElo "2605"]
[Annotator "Ernst,T"]
[PlyCount "114"]
[EventDate "1987.06.??"]
[EventType "tourn"]
[EventRounds "17"]
[EventCountry "YUG"]
[EventCategory "11"]
[SourceTitle "CBM 003"]
[Source "ChessBase"]
[SourceDate "1988.04.01"]
[SourceVersion "1"]
[SourceVersionDate "1988.04.01"]
[SourceQuality "1"]

1. e4 e5 2. Nf3 Nc6 3. Bb5 a6 4. Ba4 Nf6 5. O-O b5 6. Bb3 Bb7 7. c3 h6 $5 (7...
Nxe4 8. d4 $13) 8. d4 d6 9. Qe2 $1 (9. Nbd2) (9. Re1) 9... g6 (9... Be7 10. Rd1
$16) 10. a4 (10. Rd1 $5 Qe7 11. a4 $16) 10... Bg7 11. dxe5 dxe5 12. axb5 (12.
Rd1 Qb8 13. Na3 (13. axb5 axb5 14. Rxa8 Bxa8 15. Na3 b4) 13... O-O $1 14. axb5
axb5 15. Qxb5 Na5) (12. Re1 $5 O-O (12... Qb8 13. Na3 $1) 13. axb5 axb5 14.
Rxa8 Qxa8 15. Qxb5 Na5 16. Bc2) 12... axb5 13. Rxa8 (13. Qxb5 Rxa1 14. Qxb7 Na5
$1 (14... O-O 15. Qxc6 Rxb1 16. Nxe5 $16) 15. Qb5+ Nd7 $1 $13) 13... Qxa8 14.
Na3 O-O (14... b4 15. cxb4 O-O 16. Nc2 $1 (16. Bd2 Nxe4 $1) 16... Nxe4 17. Bxh6
$1 (17. Qxe4 Nd4) 17... Bxh6 18. Qxe4 Ne7 (18... Nd4 $2 19. Qxg6+) 19. Qh4 Nf5
20. Qg4 Bxf3 21. Qxg6+ Bg7 22. Qxf5 Bxg2 23. Re1 $16) 15. Nxb5 Na5 16. Bc2 Bxe4
17. Nxc7 Qc6 $1 18. Bxe4 Nxe4 19. Na6 Qc4 $1 (19... Rd8 20. Nb4 Qc4 21. Qc2 {
/\ Be3}) 20. Qxc4 Nxc4 21. Re1 f5 22. Nh4 (22. g4 $2 Nxf2) (22. Nb4 Rd8) 22...
Ra8 23. Nb4 Kf7 24. g4 Ned6 25. b3 Bf6 $1 (25... Na5 26. Rd1) (25... e4 26. Rd1
$1 Bxc3 27. Nc6 $1 Rc8 28. Na7 Rc7 29. bxc4 Rxa7 30. Rxd6 Ra1 31. Rd1 Bb2 32.
gxf5 (32. Bxb2 $2 Rxd1+ 33. Kg2 e3 $1 {Tal,M}) 32... g5 33. c5 $1 $18) 26. gxf5
gxf5 27. Nxf5 Nxf5 28. bxc4 Rc8 29. Nd3 Rd8 $1 30. Rd1 (30. Nxe5+ $2 Bxe5 31.
Rxe5 Rd1+ 32. Kg2 Nh4+ 33. Kg3 Ng6) (30. Nb2 $1 Nh4 31. Rd1 $1) 30... Rc8 $1
31. Re1 Rd8 32. Rd1 Rc8 33. Nb2 e4 34. Re1 Bxc3 $2 (34... e3 $5 35. fxe3 Bxc3
36. Rf1 $16) (34... Re8 35. Na4 $16) 35. Rxe4 Rb8 36. Rf4 $1 Kf6 37. Nd3 Rb3
38. Kf1 (38. Rf3 $1 $18) 38... Bd4 39. Ke2 Rc3 40. Bd2 $4 (40. c5 $18) 40...
Rxc4 41. f3 $6 Rc2 42. Kd1 Rxd2+ $10 43. Kxd2 Be3+ 44. Ke2 Bxf4 45. Nxf4 Nd4+
46. Ke3 Nf5+ 47. Kd3 Nd6 48. Ng2 Kf5 49. Ke3 Kg5 50. h3 Kf5 51. Kf2 Nb5 52. Kg3
Nd4 53. Ne3+ Kg5 54. f4+ Kg6 55. Kg4 h5+ 56. Kg3 Ne2+ 57. Kf3 Ng1+ 1/2-1/2